| 000 | 01053nmc a2200397 a 4500 | ||
|---|---|---|---|
| 003 | AR-BaBNM | ||
| 005 | 20251128202912.0 | ||
| 008 | 056019s1944 ||||||||||||||000 | spa|| | ||
| 040 | _cAR-BaBNM | ||
| 100 | 1 |
_aChurchill, Winston Spencer _cSir _d1874-1965 |
|
| 245 | 1 | 0 | _aGrandes contemporáneos |
| 250 | _a2ª ed. | ||
| 260 |
_aBarcelona _bJosé Janés _c1944 |
||
| 300 | 0 |
_a378 p. _bláms. |
|
| 490 | 0 | _aLos libros de nuestro tiempo | |
| 600 | 1 | 4 | _aChamberlain, Joseph |
| 600 | 1 | 4 | _aShaw, Bernard |
| 600 | 1 | 4 | _aFrench, John |
| 600 | 1 | 4 | _aMorely, John |
| 600 | 1 | 4 | _aAsquith, Herbert Henry |
| 600 | 1 | 4 | _aHaig, Douglas |
| 600 | 1 | 4 | _aBalfour, Arthur James |
| 600 | 1 | 4 |
_aCurzon, George Nathaniel Curzon _d1859-1925 |
| 600 | 1 | 4 | _aSnowden, Philip |
| 600 | 0 | 4 | _aRosebery |
| 650 | 4 | _aBIOGRAFIAS | |
| 650 | 4 | _aHISTORIA MODERNA | |
| 651 | 4 | _aReino Unido | |
| 651 | 4 | _aFrancia | |
| 651 | 4 | _aEspaña | |
| 651 | 4 | _aAlemania | |
| 655 | _aBIOGRAFIAS | ||
| 700 | 1 |
_aFraga de Porto, Pedro _etraductor |
|
| 942 | _cBK | ||
| 998 | _cEnrique | ||
| 999 |
_c1122 _d1122 |
||